Klastre ako subjekty podporujúce inovácie a kooperáciu s výskumným sektorom
Význam a podstata klastrov. Klastre z európskej perspektívy. Podpora spolupráce univerzít a SAV s podnikateľským prostredím. Vlastný návrh spolupráce "akademickej pôdy" a podnikateľského sektora.
Gespeichert in:
| 1. Verfasser: | |
|---|---|
| Format: | Buchkapitel |
| Sprache: | Slowakisch |
| Schlagworte: | |
| Tags: |
Keine Tags, Fügen Sie das erste Tag hinzu!
|
MARC
| LEADER | 00000naa$a2200000$$$4500 | ||
|---|---|---|---|
| 001 | 0095273 | ||
| 005 | 20240502072048.4 | ||
| 041 | 0 | |a slo | |
| 044 | |a SK | ||
| 245 | 1 | 0 | |a Klastre ako subjekty podporujúce inovácie a kooperáciu s výskumným sektorom |c Ľudmila Karabašová |
| 520 | |a Význam a podstata klastrov. Klastre z európskej perspektívy. Podpora spolupráce univerzít a SAV s podnikateľským prostredím. Vlastný návrh spolupráce "akademickej pôdy" a podnikateľského sektora. | ||
| 610 | 2 | 0 | |a klaster |
| 610 | 2 | 0 | |a regióny |
| 610 | 2 | 0 | |a výskum |
| 610 | 2 | 0 | |a akadémie vied |
| 610 | 2 | 0 | |a spolupráca vedeckovýskumná |
| 610 | 2 | 0 | |a inovácia |
| 100 | 1 | |a Karabašová, Ľudmila, 1982- | |